LEADER 02464nam a2200601 a 4500
001 nkc20112226815
003 CZ PrNK
005 20111122122812.0
007 ta
008 110923s2011 xr e 000 0 cze
015 |a cnb002226815 
020 |a 978-80-7422-112-5  |q (váz.) :  |c Kč 179,00 
035 |a (OCoLC)768557891 
040 |a OLA001  |b cze  |d BOA001  |d ABA001 
041 1 |a cze  |h eng  |h ita 
043 |a n-us---  |a e-it--- 
045 |a y0y0 
072 7 |a 323  |x Vnitropolitický vývoj, politický život  |2 Konspekt  |9 15 
080 |a 070.42-055.2  |2 MRF 
080 |a 323.285(73)"2001"  |2 MRF 
080 |a 327.8:323.28  |2 MRF 
080 |a 28-832-184.25  |2 MRF 
080 |a 316.72/.75(1-15)  |2 MRF 
080 |a (0:82-4)  |2 MRF 
100 1 |a Fallaci, Oriana,  |d 1929-2006  |7 xx0011143  |4 aut 
245 1 0 |a Hněv a hrdost /  |c Oriana Fallaci ; [z italského originálu ... a z anglického originálu ... přeložili Antonín Hradílek a Marie Koldinská] 
250 |a Vyd. 1. 
260 |a Praha :  |b NLN, Nakladatelství Lidové noviny,  |c 2011 
300 |a 143 s. ;  |c 21 cm 
600 1 7 |a Fallaci, Oriana,  |d 1929-2006  |7 xx0011143  |2 czenas 
648 4 |a 2001 
648 7 |a 20.-21. století  |7 ch462155  |2 czenas 
650 0 7 |a novinářky  |7 ph123340  |z Itálie  |y 20.-21. stol.  |2 czenas 
650 0 7 |a novinářky  |7 ph123340  |z Spojené státy americké  |y 20.-21. stol.  |2 czenas 
650 0 7 |a teroristické útoky (11. září 2001 : Spojené státy americké)  |7 ph138937  |2 czenas 
650 0 7 |a mezinárodní terorismus  |7 ph138082  |y 20.-21. stol.  |2 czenas 
650 0 7 |a islámský fundamentalismus  |7 ph114805  |y 20.-21. stol.  |2 czenas 
650 0 7 |a západní civilizace  |7 ph127736  |y 20.-21. stol.  |2 czenas 
650 0 9 |a women journalists  |z Italy  |y 20th-21st centuries  |2 eczenas 
650 0 9 |a women journalists  |z United States  |y 20th-21st centuries  |2 eczenas 
650 0 9 |a September 11 terrorists attacks, 2001  |2 eczenas 
650 0 9 |a international terrorism  |y 20th-21st centuries  |2 eczenas 
650 0 9 |a Islamic fundamentalism  |y 20th-21st centuries  |2 eczenas 
650 0 9 |a western civilization  |y 20th-21st centuries  |2 eczenas 
655 7 |a úvahy  |7 fd134000  |2 czenas 
655 9 |a essays  |2 eczenas 
765 0 |t Rabbia e l'orgoglio  |9 Česky 
765 0 |t Rage and the pride  |9 Česky 
910 2 |a BOA001  |b 2-1272.232 
990 |a BK 
995 |a 01 
991 |b 201110  |c NOV  |e n 
996 6 |b 2610489857  |c 2-1272.232  |l MZK  |r Sklad / do 1 hodiny  |n 5  |p p.v.  |w 001204501  |u 000010  |a 1  |e BOA001  |j MZK50  |s P